Construcción y arquitectura industrial : (Registro nro. 3672)
[ vista simple ]
| 000 -LEADER | |
|---|---|
| fixed length control field | 01477nam a22002897a 4500 |
| 003 - CONTROL NUMBER IDENTIFIER | |
| control field | PE SENCICO BE |
| 005 - DATE AND TIME OF LATEST TRANSACTION | |
| control field | 20251020182621.0 |
| 008 - FIXED-LENGTH DATA ELEMENTS--GENERAL INFORMATION | |
| fixed length control field | 221207b |||||||| |||| 00| 0 eng d |
| 020 ## - INTERNATIONAL STANDARD BOOK NUMBER | |
| International Standard Book Number | 978-84-9048-130-1 |
| 040 ## - CATALOGING SOURCE | |
| Original cataloging agency | PE SENCICO BE |
| Transcribing agency | PE SENCICO BE |
| 041 ## - LANGUAGE CODE | |
| Language code of text/sound track or separate title | spa |
| 082 ## - DEWEY DECIMAL CLASSIFICATION NUMBER | |
| Classification number | 690 |
| Item number | M77M |
| -- | 2014 |
| 100 1# - MAIN ENTRY--PERSONAL NAME | |
| 9 (RLIN) | 211 |
| Personal name | Montalvá Subirats, José Miguel |
| Relator term | autor |
| 245 1# - TITLE STATEMENT | |
| Title | Construcción y arquitectura industrial : |
| Remainder of title | colección de problemas resueltos / |
| Statement of responsibility, etc. | José Miguel Montalvá Subirats, Héctor Saura Arnau |
| 250 ## - EDITION STATEMENT | |
| Edition statement | 2a ed. |
| 260 ## - PUBLICATION, DISTRIBUTION, ETC. | |
| Place of publication, distribution, etc. | Valencia: |
| Name of publisher, distributor, etc. | Universitat Politécnica de Valencia, |
| Date of publication, distribution, etc. | 2014. |
| 300 ## - PHYSICAL DESCRIPTION | |
| Extent | 394 p.: |
| Other physical details | diagrs.; |
| Dimensions | 24 cm. |
| 504 ## - BIBLIOGRAPHY, ETC. NOTE | |
| Bibliography, etc. note | Bibliografía: p. 379. |
| 505 0# - FORMATTED CONTENTS NOTE | |
| Formatted contents note | Acciones: Acciones permanentes -- Acciones variables -- Pórtico interior: Pilar del pórtico interior -- Jácena del pórtico interior -- Pilar y jácena del pórtico -- Pórtico de fahcda: Pilar del pórtico de fachada -- Viga contraviento -- Arriostramiento -- Placa de anclaje: Placa a compresión -- Placa a flexión -- Placa a compresión y flexión -- Cimentaciones: Equilibrio. Seguridad al vuelo -- Equilibrio y agotamiento del terreno -- Equilibrio y agotamiento de la cimentación -- Agotamiento del terreno |
| 650 10 - SUBJECT ADDED ENTRY--TOPICAL TERM | |
| Topical term or geographic name entry element | Ingeniería civil |
| 9 (RLIN) | 54 |
| 650 20 - SUBJECT ADDED ENTRY--TOPICAL TERM | |
| Topical term or geographic name entry element | Cimientos |
| 9 (RLIN) | 45 |
| 650 20 - SUBJECT ADDED ENTRY--TOPICAL TERM | |
| Topical term or geographic name entry element | Pórticos |
| 9 (RLIN) | 212 |
| 700 1# - ADDED ENTRY--PERSONAL NAME | |
| 9 (RLIN) | 213 |
| Personal name | Saura Arnau, Héctor |
| 910 ## - USER-OPTION DATA (OCLC) | |
| -- | hfp |
| -- | hfp |
| 942 ## - ADDED ENTRY ELEMENTS (KOHA) | |
| Source of classification or shelving scheme | Dewey Decimal Classification |
| Koha item type | Libros |
| Classification part | 690 |
| Item part | M77M |
| Edition | 2014 |
| Fecha de la última vez que lo usaron | Número de ingreso o de inventario | Pago total | Signatura topográfica completa | Código de barras | Precio efectivo desde | Tipo de documento | Estado perdido | Sistema de clasificación | Estado dañado | No es para préstamo | Retirado | Ubicación permanente | Ubicación actual | Fecha de adquisición |
|---|---|---|---|---|---|---|---|---|---|---|---|---|---|---|
| 07/12/2022 | 16316 | 690/M77M/2014 | BibLima24040064 | 07/12/2022 | Libros | Dewey Decimal Classification | Biblioteca Central Lima | Biblioteca Central Lima | 07/12/2022 |